| 000 | 00372nam a22001217a 4500 | ||
|---|---|---|---|
| 082 | _a345.5491 MAH | ||
| 245 |
_aThe Code of Criminal Procedure : (Act V of 1898) as amended up-to-date / _cShaukat Mahmood |
||
| 260 |
_aLahore _bLegal Research Centre _c2018 |
||
| 300 |
_a1161p _c24 cm. |
||
| 942 |
_2ddc _cBK |
||
| 999 |
_c540967 _d540967 |
||